000 00570nam a2200217 a 4500
001 BRL_581
005 20190320210817.0
008 040913s1922----gw-#######---#000-0#ger-#
041 _ager
044 _agw
050 4 _aPT2613.U22
_b.G86 1922
100 1 _aGünther, Agnes
_d1863-1911
_924350
245 1 0 _aDie Heilige und ihr Narr
_cAgnes Günther.
260 _aStuttgart
_bJ. F. Steinkopf
_c1922
300 _a339 p.
_c20 cm.
500 _aLe falta parte de la pasta.
500 _aAu643
650 1 4 _aLiteratura Alemana
_96160
902 _aGRL
942 _2lcc
_cB
999 _c9393
_d9393